| 000 | 00530nam a2200217 a 4500 | ||
|---|---|---|---|
| 001 | BRL_11 | ||
| 005 | 20190320210541.0 | ||
| 008 | 800505s1978 mx-a######---#000-0#spa-# | ||
| 040 |
_aDLC _cDLC _dDLC |
||
| 041 | _aspa | ||
| 044 | _amx | ||
| 050 | 4 |
_aTR185 _b.B43 1978 |
|
| 100 | 1 |
_aBeceyro, Raúl _922647 |
|
| 245 | 1 | 0 |
_aEnsayos sobre fotografía _cRaúl Beceyro. |
| 260 |
_aMéxico _bArte y Libros _c1978 |
||
| 300 |
_a91 p. _bil. _c20 cm. |
||
| 500 | _aAu40 | ||
| 650 | 1 | 4 |
_aFotografía _98320 |
| 902 | _aGRL | ||
| 942 |
_2lcc _cB |
||
| 999 |
_c8824 _d8824 |
||